| 000 | 00563nam a22002177a 4500 | ||
|---|---|---|---|
| 003 | OSt | ||
| 005 | 20160601144212.0 | ||
| 008 | 130208t xxu||||| |||| 00| 0 eng d | ||
| 020 | _a9789810686338 | ||
| 050 |
_aBF 131 _b.C615 2011 |
||
| 082 |
_aPSY-FIL 150 _b.In8 2011 |
||
| 245 | _aIntroduction to psychology / | ||
| 250 | _a1st edition. | ||
| 260 |
_bPearson Custom Pub., _c2011. _aSingapore : |
||
| 300 |
_aiii, 202 pages : _c22 cm. _billustration ; |
||
| 526 | _c1210L-1700L | ||
| 562 | _e2 | ||
| 942 |
_2lcc _cBK |
||
| 999 |
_c18073 _d18073 |
||